Statistiques concernant Culture Générale - Série 1971

Cliquez ici pour prendre le quiz!

Statistiques générales

  • Ce quiz a été pris 91 fois
  • Le résultat moyen est 4 sur 10

Statistiques - réponses

QuestionRéponse% Correct
Fête folklorique et païenne traditionnelle originaire des îles Anglos-Celtes célébrée dans la soirée du 31 octobreHalloween
80%
De quel pays Kigali est-elle la capitale ? voir drapeauRwanda
72%
Quel nom donne-t-on à un apprenti boulanger ?mitron
59%
Que signifie le mot "vespa" qui désigne une ligne de scooters italiens ?guêpe
42%
Quelle rivière arrose la capitale de la Suisse ?aar
41%
A quel cinéaste italien doit-on "Parfum de femme" ?Dino Risi
23%
Quel verbe du 1er groupe inusité, signifie "raccommoder à l'aiguille,rapiécer,repriser" ?ravauder
22%
Dans la mythologie grecque, comment s'appelait le géant invincible fils de Gaïa et de Poséidon et qui fut vaincu par Héraclès?Antée
6%
C'est un petit crustacé d'eau douce dont l'anagramme est "allees"aselle
6%
Claie sur laquelle on met les fromages à égoutter, à affiner - synonyme : cagetcagerotte
1%

Distribution des résultats

Percentile par nombre de réponses

% des personnes avec chaque résultat

Votre développement - résultats

Vous n’avez pas pris ce quiz